000 00306nam a22001337a 4500
008 170622b xxu||||| |||| 00| 0 eng d
020 _a9780813326337
041 _aeng
080 _a32
100 _a21
101 _aSHP
245 _aRUSSIAN FOREIGN POLICY SINCE 1990
_cSHEARMAN.P
942 _2udc
_cBK
999 _c18812
_d18812